| 000 | 00487 a2200169 4500 | ||
|---|---|---|---|
| 999 |
_c8554 _d8554 |
||
| 020 | _a094998177x | ||
| 050 | _aPL 8771 MAR 1995 | ||
| 100 |
_aMarivate, C.T,D _eauthor |
||
| 245 |
_aSwatoloveto swa xitsonga / _cC. T.D Marivate and D.I. Mathumba |
||
| 250 | _a1st ed.(Ntangha 1) | ||
| 264 |
_aBraamfontein: _bSasovona publishers., _c1995 |
||
| 300 | _a69p.: | ||
| 500 | _aNo index | ||
| 650 | _aVenda drama | ||
| 700 |
_aMathumba, D.I. _eauthor |
||
| 942 |
_2lcc _cBK _h8771 _iMAR _kPL _e1st ed. |
||